| 000 | 00518nam a2200169 i 4500 | ||
|---|---|---|---|
| 001 | 32599 | ||
| 003 | ES-MaACL | ||
| 007 | t| | ||
| 008 | 030131s1965 mx ||||1| spa d | ||
| 100 | 1 |
_aBerkson, I. B. _928046 |
|
| 245 | 1 | 3 |
_aLo ideal en la educación / _cI.B. Berkson ; [versión en lengua española de Andrés M. Mateo]. |
| 250 | _a1ª ed. | ||
| 260 |
_aMéxico : _bLibreros Mexicanos Unidos, _c1965. |
||
| 300 |
_a336 p. ; _c19 cm. |
||
| 700 | 1 |
_aMateo, Andrés M. _978937 |
|
| 852 |
_aES-MaACL _jE-2517 _bR.58250 |
||
| 999 |
_c32599 _d32599 |
||